[Event "Regionalliga SW 9495"]
[Site "Bayern"]
[Date "1995.??.??"]
[Round "?.6"]
[White "Marschall, Josef"]
[Black "Silberhorn, Helmut"]
[Result "0-1"]
[WhiteElo "2005"]
[BlackElo "1985"]
[PlyCount "90"]
[EventDate "1994.10.??"]
[EventType "team-tourn"]
[EventRounds "9"]
[EventCountry "GER"]
[SourceTitle "EXT 1999"]
[Source "ChessBase"]
[SourceDate "1998.11.16"]
[SourceVersion "1"]
[SourceVersionDate "1998.11.16"]
[SourceQuality "1"]
[WhiteTeam "Muenchen 36 II"]
[BlackTeam "Kriegshaber SK"]
[WhiteTeamCountry "GER"]
[BlackTeamCountry "GER"]

1. d4 d5 2. c4 c6 3. Nc3 Nf6 4. Nf3 dxc4 5. e4 b5 6. e5 Nd5 7. a4 e6 8. axb5 Nxc3 9. bxc3 cxb5 10. Ng5 Bb7 11. Qh5 Qd7 12. f4 h6 13. Rb1 Bd5 14. Kf2 a5 15. Be2 b4 16. Re1 g6 17. Qh3 Nc6 18. Bd1 b3 19. g4 a4 20. Ne4 Bxe4 21. Rxe4 a3 22. Qe3 a2 23. Ra1 Qb7 24. Bb2 Ba3 25. Qc1 Qa6 26. Bf3 Bxb2 27. Qxb2 Rb8 28. Re2 Ne7 29. Qc1 Nc8 30. f5 Nb6 31. fxe6 fxe6 32. Bc6+ Ke7 33. Kg3 Rbf8 34. d5 Nxd5 35. Bxd5 exd5 36. Qe3 Qa5 37. e6 Qc7+ 38. Kg2 Rf4 39. h3 Rhf8 40. Raxa2 bxa2 41. Rxa2 Re4 42. Qxh6 Rxe6 43. Qh4+ Ref6 44. Ra6 d4 45. Qe1+ Kd7 0-1

[Event "Regionalliga SW 9495"]
[Site "Bayern"]
[Date "1995.??.??"]
[Round "?.6"]
[White "Silberhorn, Helmut"]
[Black "Pleyer, Felix"]
[Result "1-0"]
[WhiteElo "1985"]
[BlackElo "1970"]
[PlyCount "69"]
[EventDate "1994.10.??"]
[EventType "team-tourn"]
[EventRounds "9"]
[EventCountry "GER"]
[SourceTitle "EXT 1999"]
[Source "ChessBase"]
[SourceDate "1998.11.16"]
[SourceVersion "1"]
[SourceVersionDate "1998.11.16"]
[SourceQuality "1"]
[WhiteTeam "Kriegshaber SK"]
[BlackTeam "Sonthofen"]
[WhiteTeamCountry "GER"]
[BlackTeamCountry "GER"]

1. d4 Nf6 2. c4 c5 3. d5 d6 4. Nc3 g6 5. e4 Bg7 6. Be2 0-0 7. f4 Na6 8. Nf3 Nc7 9. 0-0 Rb8 10. a4 b6 11. h3 a6 12. Qc2 b5 13. axb5 axb5 14. cxb5 Bd7 15. Kh2 Bxb5 16. Nxb5 Nxb5 17. Bd2 Qb6 18. Bc4 Nd7 19. Rae1 Nc7 20. b3 Nf6 21. Bc3 Ra8 22. Qd2 Qb7 23. Bxf6 Bxf6 24. e5 Bg7 25. Ng5 Qb6 26. Kh1 h6 27. Ne4 Kh7 28. exd6 exd6 29. f5 Be5 30. Nf2 g5 31. f6 Bxf6 32. Qd3+ Kg8 33. Qf5 Bg7 34. Bd3 Rfe8 35. Ng4 1-0

[Event "Regionalliga SW 9596"]
[Site "Bayern"]
[Date "1995.??.??"]
[Round "?"]
[White "Silberhorn, Helmut"]
[Black "Rinkewitz, Werner"]
[Result "1/2-1/2"]
[WhiteElo "1995"]
[BlackElo "1885"]
[PlyCount "105"]
[EventDate "1995.10.??"]
[EventType "team-tourn"]
[EventRounds "9"]
[EventCountry "GER"]
[SourceTitle "EXT 1999"]
[Source "ChessBase"]
[SourceDate "1998.11.16"]
[SourceVersion "1"]
[SourceVersionDate "1998.11.16"]
[SourceQuality "1"]
[WhiteTeam "Kriegshaber SK"]
[BlackTeam "Obermenzing"]
[WhiteTeamCountry "GER"]
[BlackTeamCountry "GER"]

1. d4 Nf6 2. c4 e6 3. Nf3 d5 4. Nc3 Be7 5. Bf4 0-0 6. e3 c5 7. Rc1 cxd4 8. Nxd4 a6 9. Bd3 Qa5 10. cxd5 Nxd5 11. Nb3 Qd8 12. Nxd5 Qxd5 13. Qc2 Bb4+ 14. Ke2 Qh5+ 15. f3 Nc6 16. g4 Qh4 17. Bg3 Qh3 18. Kf2 e5 19. a3 Be7 20. Nd2 Be6 21. Ne4 f5 22. Bf1 Qh6 23. gxf5 Bxf5 24. Bd3 Kh8 25. Qc3 Bg4 26. Be2 Qh5 27. Nd2 e4 28. Rhd1 Bxf3 29. Nxf3 exf3 30. Bc4 Qh3 31. Bf1 Qh5 32. Rd7 Qg6 33. Rxb7 Rac8 34. Bh3 Rcd8 35. Rb6 Rd3 36. Qe1 Rfd8 37. Rbxc6 Rd2+ 38. Kf1 Qd3+ 39. Kg1 Re2 40. Qf1 Qxe3+ 41. Kh1 h5 42. R6c3 Rd3 43. Rxd3 Qxd3 44. Rc3 Qd2 45. Rxf3 h4 46. Bf2 Bc5 47. Bxc5 Re1 48. Rf8+ Kh7 49. Bf5+ g6 50. Rf7+ Kh6 51. Bf8+ Kg5 52. Be7+ Kh6 53. Bf8+ 1/2-1/2